Vladimir Iljič Lenin : stručný životopis /

Uložené v:
Podrobná bibliografia
Hlavní autori: Zevin, V. (Author), Golikov, Georgij Nazarovič (Author)
Médium: Kniha
Jazyk:Czech
Russian
Vydané: Praha : Svoboda, 1976.
Vydanie:1. vyd.
ISBN: brož.
Fyzický popis: 111 s.
Tagy: Pridať tag
Žiadne tagy, Buďte prvý kto otaguje tento záznam!

MARC

LEADER 00000nam a2200000 a 4500
001 000171833
005 20090912171515.0
008 040101s1976 xr e czeo
020 |a brož. 
040 |a SVKKK  |b slo  |c SVKKK  |e AACR2 
041 1 |a cze  |h rus 
044 |a xr  |c CZ 
100 1 |a Zevin, V.  |4 aut 
245 1 0 |a Vladimir Iljič Lenin :  |b stručný životopis /  |c V. Zevin, Georgij Nazarovič Golikov. 
250 |a 1. vyd. 
260 |a Praha :  |b Svoboda,  |c 1976. 
300 |a 111 s. 
500 |a Preklad z ruštiny 
700 1 |a Golikov, Georgij Nazarovič  |4 aut 
910 |a svkkk 
998 |a BK 
090 |g SCKHL  |k Sklad Hlavná 10 suterén  |a I.45954  |j 543481  |i 2720247246  |s Absenčne 
090 |g SCKHL  |k Sklad Hlavná 10 suterén  |a I.45955  |j 543482  |i 2720247571  |4 Multiplikát  |s Vyradená 
090 |g SCKHL  |k Sklad Hlavná 10 suterén  |a I.45956  |j 543483  |i 2720686344  |s Povinný výt.